Cameo-Word Up (Lyrics) - Statistics

General Stats
  • This quiz has been taken 23 times
  • The average score is 192 of 297
Answer Stats
Lyrics % Correct
A
100%
The
100%
(The)
100%
Who
100%
You,
100%
You
100%
(You)
100%
Go
95%
Go,
95%
"L"
95%
Got
90%
To
90%
World
90%
All
85%
Around
85%
La
85%
Up
85%
Up,
85%
UP
85%
Word,
85%
Word
85%
W-O-R-D
85%
(Word)
85%
Your
85%
And
80%
Brother,
80%
Pretty
80%
Say
80%
Say...
80%
Tell
80%
We
80%
Do
75%
In
75%
It
75%
It,
75%
Know
75%
Know-ow
75%
Ladies
75%
No
75%
Sister
75%
So
75%
Be
70%
Boys
70%
Don't
70%
Everybody
70%
Girls
70%
Hear
70%
On
70%
On,
70%
Show
70%
Too,
70%
When
70%
For
65%
Get
65%
(Hey-ey-ey)
65%
(Hey-whew)
65%
Now
65%
That
65%
(That)
65%
That,
65%
Thing
65%
What
65%
(What)
65%
You're
65%
Air
60%
Care,
60%
Hands
60%
Have
60%
It's
60%
Like
60%
(Like)
60%
Mama
60%
Mama,
60%
Matter
60%
Me
60%
Why
60%
You'll
60%
Ahhhh,
55%
By
55%
Come
55%
Down
55%
Psychological
55%
Real
55%
Romance
55%
They
55%
What's
55%
(What's)
55%
Where
55%
Baby,
50%
Baby
50%
Code
50%
Dance,
50%
Dance
50%
Heard
50%
Just
50%
Need
50%
People
50%
Quick
50%
Reason
50%
Stare
50%
There's
50%
Weird
50%
As
45%
D.J.'s
45%
(Hey)
45%
Hey
45%
Hey,
45%
Look
45%
Music
45%
Sucker
45%
Think
45%
Time
45%
Underway
45%
Wave
45%
You've
45%
About
40%
Act
40%
Ah
40%
Ah,
40%
Call
40%
Cool
40%
Fly
40%
Can
35%
Cause
35%
If
35%
Realize
35%
Start
35%
Acting
30%
But
30%
Fools
30%
Glide
30%
Use
30%
(Yeah)
30%
Low
20%
(Low)
20%
Low,
20%
Man...
20%
They're
15%
Ya'll
15%
Dial
10%
(Oww!)
5%
(Whew)
5%
(Whoo)
5%
(Woah)
5%
[Woah!]
5%
Woah!
5%
Yoh
5%
Everybody's
0%
No matching quizzes found
Score Distribution
Percent of People with Each Score
Percentile by Number Answered
Your Score History
You have not taken this quiz